| 000 | 00803nam a22001577a 4500 | ||
|---|---|---|---|
| 003 | OSt | ||
| 005 | 20151006154145.0 | ||
| 008 | 151006b xxu||||| |||| 00| 0 eng d | ||
| 040 | _cRUA | ||
| 082 | _aAVM CHI 2000 B072 Or.1 | ||
| 100 |
_92197 _aACHIV, PHINY. |
||
| 245 | _aStudies on the eniling of fresh water fish with palm syrup, cassava root and rice bran additives as protein supplement for growing fattening pigs, ការសិក្សាពីការផ្ងាប់ត្រីស្រស់ទឹកសាបជាមួយស្ករត្នោត មើមដំឡូងឈើ និងកន្ទក់ ជាប្រូតេអ៊ីនសំរាប់ជ្រូកបំប៉ន | ||
| 260 |
_aPhnom Penh _bRUA _c2000 |
||
| 300 |
_avii; 38p. _bill. _c29cm. |
||
| 942 |
_2ddc _cAVM |
||
| 999 |
_c2068 _d2068 |
||